Matemática Propedéutica
| Main Authors: | , , |
|---|---|
| Format: | Section = Libro |
| Language: | Undetermined Spanish |
| Published: |
Estelí
UNI
2009
|
| Subjects: |
| LEADER | 00627nam a2200229Ia 4500 | ||
|---|---|---|---|
| 008 | 240830s9999 xx 000 0 und d | ||
| 020 | |a 978-99924-0-643-4 | ||
| 040 | |a B-ESTELÍ- RUACS / 510 M828 | ||
| 041 | |a spa | ||
| 082 | |a 510 M828 | ||
| 100 | 1 | |a Morales Videa, Rigoberto | |
| 100 | 1 | |b López Moreno, Graciela | |
| 100 | 1 | |c Úbeda, Alba Mara | |
| 245 | 1 | 0 | |a Matemática Propedéutica |
| 260 | |a Estelí |b UNI |c 2009 | ||
| 300 | |a 635 p. :il. | ||
| 650 | 7 | |a MATEMATICAS-ENSEÑANZAS | |
| 650 | 7 | |b MATEMATICAS PROBLEMAS EJERCICIOS | |
| 650 | 7 | |c EDUCACIÓN SUPERIOR | |
| 942 | |c BK |2 ddc | ||
| 991 | |a TEXTO | ||
| 999 | |c 10894 | ||